000 00414nam a2200169Ia 4500
008 230711s9999||||xx |||||||||||||| ||und||
020 _a978-93-325-7031-3
041 _aENG
082 _a6.3
_bHA-N
100 _aHaykin,Simon
245 0 _aNeural networks and learning machines
250 _a3rd Ed.
260 _c2016
_aNew Delhi
_bPearson
300 _a918p.
650 _aElectrical Engineering
942 _cBK
999 _c6300
_d6300